000 01275aaa a2200277 a 4500
003 BLK
005 20240402151852.0
007 ta
008 221104b bu |||||r|||| 00| | bu d
040 _aBLK
041 _aBUL
_cBUL
080 _aАвстрийска литература
_b821.112.2(436)
_x.09(092)
_z821.112.2(436).09(092)
080 _aАвстрийски писател. Носител на Нобелова награда за литература
_b929 Канети, Елиас
_z929 Канети, Елиас
100 1 _978326
_aКеремидчиев, Михаил
245 _aДокументален филм за русчушкия нобелист
_cМихаил Керемедчиев
300 _a№ 13991, 6авг. 1992.
520 _aФилм за Канети, сниман в Русе
600 0 _9367554
_aКанети, Елиас
653 _9195878
_aрусенци
653 _9180316
_aавстрийски писатели
653 _9192360
_aнобелови лауреати
773 0 _tОТЕЧЕСТВЕН ВЕСТНИК
_w292383
_dОтеч. съюз 1942
_x0205-115Х
_i. //
856 _i0.00
_ldisable
942 _2udc
_cSTA
_n0
944 _cХристина Везирева
_k30535
_lХристина Везирева
_a30535
999 _c507655
_d507655